000
00324nam a2200133Ia 4500
008
231129s1967||||xx |||||||||||||| ||spa||
040
_b
spa
082
_a
572.22 W473e
100
_a
Wendt Herbert
245
0
_a
Empezo en Babel : El descubrimiento de los pueblos
260
_c
1967
264
_a
Noguer
942
_2
ddc
_c
BKS
999
_c
12816
_d
12816